LEADER 01178nam a2200265 4500 001 000000365246 003 CaOOAMICUS 005 20251118085421.0 008 251118s2024 it 000 u ita r 020 $a978-88-13-38088-5$q(3. rist.) 040 $aSeMil$bita 100 1 $aBettetini, Andrea,$d<1963- >.$0(OLS)http://semarc/name/63344 245 10$aDiritto ecclesiastico /$cAndrea Bettetini, Alessandro Perego. 264 1$aMilano :$bWolters Kluwer :$bCEDAM,$c2024. 300 $aXII, 383 p. ;$c21 cm 490 1 $aManuali di scienze giuridiche 650 4$aDiritto ecclesiastico - Italia.$0(OLS)http://semarc/subject/41000 700 1 $aPerego, Alessandro,$d<1984- >.$0(OLS)http://semarc/name/123212 830 0$aManuali di scienze giuridiche.$0(OLS)http://semarc/title/32893 850 $aSeMil 852 $aSeMil$W1$xVenegono$y1$m2H II 59$j264540$B256084$CSeMilBibl$Z2$F256084 $81 996 $6020$a978-88-13-38088-5$q(3. rist.)$9(OLS)http://semarc/number/304664 996 $6245$aDiritto ecclesiastico$9(OLS)http://semarc/title/81470 996 $6264$aMilano :$bWolters Kluwer :$bCEDAM$9(OLS)http://semarc/publisher/62724 LEADER 01113nam a2200253 i 4500 001 000000242457 003 CaOOAMICUS 005 20150619000000.0 008 150619s2012 it u000 u ita u 013 $a221362 020 $a978-88-317-1539 040 $aSeMil$bita 245 10$aDa Cappella della Madonna a Cappella Zen. 260 $aVenezia :$bMarsilio,$c2012. 300 $a110 p. :$bill. ;$c24 cm. 490 0 $aQuaderni della Procuratoria : arte, storia restauri della Basilica di San Marco a Venezia 650 4$aVenezia - Chiese - San Marco.$0(OLS)http://semarc/subject/23612 830 0$aQuaderni della Procuratoria : arte, storia restauri della Basilica di San Marco a Venezia.$0(OLS)http://semarc/title/43401 850 $aSeMil 852 $aSeMil$W1$xVenegono$y1$m5I XVI 39$j192803$B192803$CSeMilBibl$Z2$F204098 $81 961 $aOmaggio: Scola Card. Angelo 996 $6020$a978-88-317-1539$9(OLS)http://semarc/number/249756 996 $6245$aDa Cappella della Madonna a Cappella Zen$9(OLS)http://semarc/title/344251 996 $6260$aVenezia :$bMarsilio$9(OLS)http://semarc/publisher/30231